000 00908nam a22002537a 4500
005 20170124103005.0
010 _aA-742291
020 _c75.00
_a81850433
035 _aA-742291
037 _bCen Lib/Ret
040 _aDPL
_bHN
082 _a
_bमधुकां
100 _aमधुकांत
_955853
245 _aमास्टरजी /
_cमधुकांत
246 _aMasterjee /
_bby Madhukant
260 _aदिल्ली
_bदिशा प्रकाशन
_c1995
270 _bदिल्ली
_a138/16, त्रिनगर
_e110035
300 _a118पृ.
_c21सेमी(सजिल्द )
650 _aहिंदी साहित्य
_x
_z
_955854
650 _aहिंदी कहानियां
_92082
650 _aHindi literature
_v
_955855
650 _aHindi Stories
_955856
942 _2ddc
_cHN
_h
_mमधुकां
999 _c114217
_d114217